Ч. 1; Народные музыкальные инструменты и инструментальная музыка

Bibliografiske detaljer
Parent link:Народные музыкальные инструменты и инструментальная музыка: сборник статей и материалов/ Союз композиторов РСФСР, Комиссия музыковедения и фольклора ; под ред. Е. В. Гиппиуса. Ч. 1.— , 1987
Sprog:russisk
Udgivet: 1987
Fag:
Format: MixedMaterials Bog
KOHA link:https://koha.lib.tpu.ru/cgi-bin/koha/opac-detail.pl?biblionumber=256498

MARC

LEADER 00000nam2a2200000 4500
001 256498
005 20231101233124.0
035 |a (RuTPU)RU\TPU\book\279196 
090 |a 256498 
100 |a 20140409d1987 k y0rusy5003 ca 
101 0 |a rus 
102 |a RU 
105 |a a z 001zy 
200 0 |a Ч. 1 
210 |d 1987 
215 |a 263 с.  |c ил. 
320 |a Библиография в ссылках. 
461 1 |0 (RuTPU)RU\TPU\book\305094  |t Народные музыкальные инструменты и инструментальная музыка  |o сборник статей и материалов  |o в 2 ч.  |f Союз композиторов РСФСР, Комиссия музыковедения и фольклора ; под ред. Е. В. Гиппиуса  |v Ч. 1  |d 1987 
606 1 |a Инструментальная музыка  |2 stltpush  |3 (RuTPU)RU\TPU\subj\12674  |9 39418 
610 1 |a народные музыкальные инструменты 
610 1 |a народная инструментальная музыка 
610 1 |a Европа 
610 1 |a музыкальная культура 
610 1 |a история 
610 1 |a Древний мир 
610 1 |a средние века 
610 1 |a этническая музыка 
675 |a 785  |v 3 
801 0 |a RU  |b RuMRKP  |c 19950417  |g psbo 
801 1 |a RU  |b 63413507  |c 20140409 
801 2 |a RU  |b 63413507  |c 20160225  |g RCR 
942 |c BK